The Saga Begins - "Weird" Al Yankovic (Lyrics) - Statistics

General Stats
  • This quiz has been taken 110 times
  • The average score is 471 of 578
Answer Stats
Lyrics % Correct
A
100%
a
100%
an
100%
I
100%
ago
96%
And
96%
and
96%
far
96%
In
96%
in
96%
long,
96%
long
96%
the
96%
The
96%
time
96%
We
96%
we
96%
away
94%
be
94%
galaxy
94%
He
94%
he
94%
Anakin
92%
Jedi"
92%
Jedi
92%
To
92%
to
92%
Vader
92%
was
92%
fry
91%
guy
91%
he's
91%
just
91%
Just
91%
later,
91%
maybe
91%
Maybe
91%
now
91%
Now
91%
"Now
91%
small
91%
So
91%
some
91%
Some
91%
this
91%
boy
89%
go
89%
good
89%
her
89%
me
89%
say
89%
Sayin',
89%
someday
89%
where
89%
at
87%
But
87%
Force,
87%
Force?
87%
gonna
87%
goodbye
87%
his
87%
I'm
87%
kissed
87%
mommy
87%
my,
87%
my
87%
My,
87%
on
87%
Queen
87%
queen
87%
singin'
87%
you
87%
here
85%
here"
85%
here,
85%
Naboo
85%
"Soon
85%
Soon
85%
were
85%
attack
83%
Qui-Gon
83%
that
83%
They
83%
they
83%
under
83%
win
83%
Could
81%
could
81%
Did
81%
home
81%
Tatooine
81%
us
81%
who
81%
day
79%
him
79%
it
79%
know
79%
left
79%
marry
79%
old
79%
train
79%
Yoda
79%
14
77%
do
77%
knew
77%
little
77%
Little
77%
met
77%
Met
77%
nine
77%
of
77%
Oh
77%
Oh,
77%
see
77%
she's
77%
Though
77%
took
77%
up
77%
federation
75%
Jar-Jar
75%
kill
75%
said,
75%
Council
74%
didn't
74%
enough
74%
how
74%
How
74%
their
74%
thrill
74%
tried
74%
can
72%
doors
72%
Jinn
72%
listen
72%
locked
72%
our
72%
pod
72%
probably
72%
still
72%
talk
72%
would
72%
all
70%
All
70%
kid
70%
race
70%
shave
70%
them
70%
there
70%
Well,
70%
your
70%
escaped
68%
even
68%
fear
68%
found
68%
from
68%
hitting
68%
junkyard
68%
off
68%
or
68%
slack
68%
slave
68%
want
68%
went
68%
Yeah,
68%
balance,
66%
bring
66%
course
66%
cutting
66%
ear
66%
much
66%
pointy
66%
response,
66%
scale
66%
stick
66%
teach
66%
thought
66%
wound
66%
yes,
66%
Boss
64%
Isn't
64%
That's
64%
will
64%
broke,
62%
C-3PO
62%
first
62%
forbid
62%
gas
62%
Nass
62%
Then
62%
use
62%
Darth
60%
fast
60%
impressed,
60%
Jabba
60%
place
60%
training
60%
Maul
58%
sensed
58%
started
58%
with
58%
flew
57%
scene
57%
two
57%
ace
55%
flyin'
55%
I'll
55%
might
55%
prophecy
55%
toast
55%
told
55%
wager
55%
back
53%
Because
53%
built
53%
droids
53%
ghost
53%
heard
53%
interviewed
53%
made
53%
midichlorians
53%
tale
53%
wasn't
53%
admire
51%
bongo
51%
Coruscant
51%
died
51%
end
51%
fulfill
51%
most
51%
plane
51%
true
51%
wanted
51%
war
51%
Amidala
49%
Cause
49%
got
49%
guess
49%
Hotshot
49%
it's
49%
I've
49%
saved
49%
before
47%
fought
47%
fried
47%
stay
47%
minute
45%
pilots
45%
battle
43%
broken
43%
epic
43%
Theed
43%
blew
42%
finally
42%
ships
42%
frankly
40%
liked
40%
ride
40%
would've
40%
lot
36%
pre-pubescent
36%
Ahh,
32%
croakin'
32%
folks
32%
Gunguns
28%
caught
26%
No matching quizzes found
Score Distribution
Percent of People with Each Score
Percentile by Number Answered
Your Score History
You have not taken this quiz